00731nam a2200241Ia 450000500170000000800410001702000230005804000190008104100120010008200150011210000160012724500410014326000370018430000150022150400500023663000180028665000290030465100190033385000100035294200070036299900170036995201030038620220704141452.0131103s9999 xx 000 0 und d a8131602893cRs 450 aLoreto College aEnglish a305.3bEVA aEvans, Mary aGender and social theorycMary Evans aJaipurbRawat Publicationsc2003 aviii,138p  aIncludes bibliographical references and index aSocial Theory aGender and Social Theory aGender Studies aLCLIB cBK c36406d86885 00102ddc4070aMAINbMAINd2013-11-04l0o305.3 EVA 47794pB39421r2013-11-04w2013-11-04yBKf